000 00482nam a2200181Ia 4500
008 131103s9999 xx 000 0 und d
020 _a345404793
040 _aLoreto College
041 _aEnglish
082 _aF/PAT
_bLCLIB/42530
100 _aPatterson,Richard North
245 _aProtect and Defend
_cRichard North Patterson
260 _aNew York
_bBallantine Books
_c2000
300 _a591 p.
_c 17 cm.
650 _aFiction in English
850 _aLCLIB
942 _cBK
999 _c14732
_d65211